Dissipative structures and spatiotemporal organization studies in biomedical research : (Record no. 158391)

MARC details
000 -LEADER
fixed length control field 01224nam a2200289 a 4500
008 - FIXED-LENGTH DATA ELEMENTS--GENERAL INFORMATION
fixed length control field
020 ## - INTERNATIONAL STANDARD BOOK NUMBER
International Standard Book Number 0813816203 (pbk.)
049 ## - LOCAL HOLDINGS (OCLC)
Holding library MAIN
090 ## - LOCALLY ASSIGNED LC-TYPE CALL NUMBER (OCLC); LOCAL CALL NUMBER (RLIN)
Classification number (OCLC) (R) ; Classification number, CALL (RLIN) (NR) QH505
003 - CONTROL NUMBER IDENTIFIER
control field
005 - DATE AND TIME OF LATEST TRANSACTION
control field 20230123134014.0
040 ## - CATALOGING SOURCE
Transcribing agency NUST
111 20 - MAIN ENTRY--MEETING NAME
Meeting name or jurisdiction name as entry element John Lawrence Interdisciplinary Symposium on the Physical and Biomedical Sciences
Number of part/section/meeting (1st :
Date of meeting or treaty signing 1979 :
Location of meeting Sioux Falls, S.D.)
245 10 - TITLE STATEMENT
Title Dissipative structures and spatiotemporal organization studies in biomedical research :
Remainder of title report of the First John Lawrence Interdisciplinary Symposium on the Physical and Biomedical Sciences, held January 17, 1979, in Sioux Falls, South Dakota /
Statement of responsibility, etc. edited by George P. Scott and J. Michael McMillin.
260 0# - PUBLICATION, DISTRIBUTION, ETC.
Place of publication, distribution, etc. Ames, Iowa :
Name of publisher, distributor, etc. Iowa State University Press,
Date of publication, distribution, etc. 1980.
300 ## - PHYSICAL DESCRIPTION
Extent x, 271 p. :
Other physical details ill. ;
Dimensions 23 cm.
504 ## - BIBLIOGRAPHY, ETC. NOTE
Bibliography, etc. note Includes bibliographical references.
500 ## - GENERAL NOTE
General note Includes index.
650 #0 - SUBJECT ADDED ENTRY--TOPICAL TERM
Topical term or geographic name entry element Biophysics
General subdivision Congresses.
650 #0 - SUBJECT ADDED ENTRY--TOPICAL TERM
Topical term or geographic name entry element Biological rhythms
General subdivision Congresses.
650 #0 - SUBJECT ADDED ENTRY--TOPICAL TERM
Topical term or geographic name entry element Morphogenesis
General subdivision Congresses.
650 #0 - SUBJECT ADDED ENTRY--TOPICAL TERM
Topical term or geographic name entry element Thermodynamics
General subdivision Congresses.
700 10 - ADDED ENTRY--PERSONAL NAME
Personal name Scott, George P.
700 10 - ADDED ENTRY--PERSONAL NAME
Personal name McMillin, J. Michael
907 ## - LOCAL DATA ELEMENT G, LDG (RLIN)
a .b10159769
b 31-01-14
c 14-03-05
942 ## - ADDED ENTRY ELEMENTS (KOHA)
Koha item type Ordinary Loan Books
Call number prefix QH505
Holdings
Date last seen Total Checkouts Full call number Barcode Cost, replacement price Price effective from Koha item type Lost status Source of classification or shelving scheme Damaged status Not for loan Collection Withdrawn status Home library Current library Shelving location Date acquired Cost, normal purchase price
01/23/2023   QH505 DIS 92003035789 80.00 01/23/2023 BOOKS   LCC     NFIC   MAIN MAIN GEN 01/23/2023 80.00